Music Quiz

Random Music or Rock Quiz

Marilyn Manson Facts Quiz Stats

 Plays Quiz not verified by Sporcle

Challenge
Share
Tweet
Embed
Score 0/7 Timer 13:00
0 Plays Today
Question Answer Wrong Answers
Which of these songs is not by Marilyn Manson? Dead Babies
92.9%
Man That You Fear
1.6%
Minute of Decay
2.7%
The Reflecting God
1.6%
Marilyn's alcohol is called..? Mansinthe
91.3%
Mr. Superstar
2.7%
Sweet Dreams
3.8%
Wine & Dine
2.2%
True or false: Marilyn Manson's 2017 album was originally called Heaven Upside Down, then it was changed to SAY10. False
85.9%
True
14.1%
Which album came first: Holy Wood or Antichrist Superstar? Antichrist Superstar
85.9%
Holy Wood
12%
They both came out at the same time.
1.1%
Neither of these are by Manson.
0.5%
Please select the statement that is false. Marilyn Manson is untalented.
84.2%
Marilyn Manson promotes thinking for yourself.
4.3%
Marilyn Manson has a song entitled 'Negative Three.'
7.6%
Marilyn Manson recorded a message at the beginning of 'Tourniquet.'
3.8%
Marilyn Manson was born on... January 5, 1969
83.7%
January 6, 1996
4.9%
January 9, 1969
10.3%
The date of his birth is unknown.
0%
After Marilyn Manson was blamed for the Columbine massacre, which song did he write because of this event? The Nobodies
63.6%
Tourniquet
3.3%
The Fight Song
28.8%
Coma Black
4.3%

You're not logged in!

Compare scores with friends on all Sporcle quizzes.
OR
Log In

You Might Also Like...

Show Comments

Extras

Top Quizzes Today


Score Distribution

Your Account Isn't Verified!

In order to create a playlist on Sporcle, you need to verify the email address you used during registration. Go to your Sporcle Settings to finish the process.

Report this User

Report this user for behavior that violates our Community Guidelines.

Details: